000 00749nam a2200241Ia 4500
003 GCL
008 140319s9999 xx 000 0 ara d
040 _aGCL /
_cGCL
082 0 4 _a327.962567
_bح م
100 1 _aحازم هاشم
245 1 0 _aالمؤمرة الاسرائيلية على العقل المصرى: اسرار ووثائق /
_cحازم هاشم
260 _a[S.N] :
_bدار المستقبل العربى ،
_c1986
300 _a293 ص
490 _a
650 0 4 _aمصر
650 0 4 _aاسرائيل
650 0 4 _aالاثار
650 0 4 _aالسلام
650 0 4 _aالعلاقات الثقافية
650 0 4 _aالفنون التشكيلية
650 0 4 _aالافلام التسجيلية
942 _2ddc
_cBK
999 _c34688
_d34688